The theory and practice of reliable system design /

Bibliographic Details
Main Author: Siewiorek, Daniel P.
Other Authors: Swarz, Robert S.
Format: Book
Language:English
Published: Bedford, Mass. : Digital Press, [1982]
Subjects:

MARC

Tag First Indicator Second Indicator Subfields
LEADER 00000cam a22000008a 4500
001 in00000079033
005 20151008055211.0
008 810611s1982 mau b 00110 eng
010 |a  81009696  
020 |a 0092376096 
035 |a (OCoLC)07577762 
035 |9 AAJ2817AM 
039 0 |a 2  |b 3  |c 3  |d 3  |e 3 
040 |a DLC  |c DLC  |d TXA  |d UtOrBLW 
049 |a TXAM  |c [951841] 
050 0 0 |a QA76.5  |b .S538 
082 0 |a 001.64  |2 19 
100 1 |a Siewiorek, Daniel P. 
245 1 4 |a The theory and practice of reliable system design /  |c by Daniel P. Siewiorek, Robert S. Swarz. 
263 |a 8108 
264 1 |a Bedford, Mass. :  |b Digital Press,  |c [1982] 
264 4 |c ©1982 
300 |a xxiv, 772 pages :  |b illustrations ;  |c 24 cm. 
336 |a text  |b txt  |2 rdacontent 
337 |a unmediated  |b n  |2 rdamedia 
338 |a volume  |b nc  |2 rdacarrier 
500 |a Includes index. 
504 |a Bibliography: pages 721-747. 
650 0 |a Electronic digital computers  |x Reliability. 
650 0 |a Fault-tolerant computing. 
700 1 |a Swarz, Robert S. 
999 |a MARS 
999 f f |s 671a65bb-93ac-3722-aa97-c91f782aa0c1  |i d530581d-a59d-342d-abb8-3f723def84fa  |t 0 
952 f f |p ric  |a Texas A&M University  |b Rellis Campus  |c Joint Library Facility  |d Remote Storage  |t 0  |e QA76.5 .S538  |h Library of Congress classification  |i unmediated -- volume  |m A14806201504 
998 f f |a QA76.5 .S538  |t 0  |l Remote Storage